Gaming Quiz

Random Gaming Quiz
Score 0/222 Timer 15:00
0 Plays Today
% Correct
Black Lotus
93.4%
Black Lotus
93.3%
Mox Ruby
92.9%
Mox Ruby
92.7%
Mox Sapphire
92.7%
Mox Sapphire
92.5%
Mox Emerald
92.4%
Mox Emerald
92.2%
Mox Pearl
91.9%
Mox Pearl
91.7%
Mox Jet
91.3%
Mox Jet
91.1%
Ancestral Recall
89.2%
Ancestral Recall
89.2%
Mox Opal
87.5%
Oko, Thief of Crowns
87.5%
Time Walk
86.1%
Time Walk
85.8%
Timetwister
84.5%
Once Upon a Time
81.3%
Ponder
80.1%
Ponder
80.1%
Tolarian Academy
79.3%
Tolarian Academy
79.3%
Tolarian Academy
79.3%
Skullclamp
79%
Skullclamp
78.5%
Skullclamp
78.5%
Seat of the Synod
78.2%
Seat of the Synod
77.7%
Gitaxian Probe
77.5%
Ancient Den
76.9%
Ancient Den
76.9%
Brainstorm
76.6%
Tree of Tales
76.4%
Tree of Tales
76.4%
Preordain
75.9%
Treasure Cruise
75.4%
Treasure Cruise
75.4%
Gitaxian Probe
75.2%
Gitaxian Probe
75.2%
Chaos Orb
75.1%
Yawgmoth's Will
75.1%
Vault of Whispers
75.1%
Vault of Whispers
75.1%
Demonic Tutor
74.5%
Great Furnace
74%
Great Furnace
74%
Deathrite Shaman
73.4%
Dig Through Time
73.2%
Treasure Cruise
73.2%
Dig Through Time
73.1%
Splinter Twin
72.7%
Yawgmoth's Bargain
72.7%
Mana Vault
70.1%
Sol Ring
69.3%
Mana Crypt
69.3%
Necropotence
68.8%
Time Vault
68.8%
Time Vault
68.8%
Once Upon a Time
68.8%
Wheel of Fortune
67.5%
Lotus Petal
67.5%
Fastbond
67.2%
Umezawa's Jitte
67.2%
Fastbond
67.2%
Faithless Looting
67.1%
Hogaak, Arisen Necropolis
67%
Deathrite Shaman
67%
Emrakul, the Aeons Torn
66.9%
Balance
66.4%
Balance
66.4%
Golgari Grave-Troll
66.3%
Arcbound Ravager
66.1%
% Correct
Lingering Souls
66.1%
Vampiric Tutor
65.6%
Yawgmoth's Bargain
65.6%
Library of Alexandria
65.4%
Library of Alexandria
65.4%
Mental Misstep
65.1%
Mental Misstep
65.1%
Windfall
64.8%
Windfall
64.8%
Strip Mine
64.6%
Contract From Below
64.3%
Shahrazad
64.3%
Gaea's Cradle
64%
Agent of Treachery
63.6%
Falling Star
63.5%
Channel
62.7%
Memory Jar
62.7%
Chrome Mox
62.7%
Memory Jar
62.7%
Channel
62.7%
Veil of Summer
62.5%
Demonic Attorney
62.5%
Mystical Tutor
62.5%
Gush
62.4%
Bazaar of Baghdad
62.2%
Sensei's Divining Top
61.9%
Gush
61.7%
Birthing Pod
61.6%
Mental Misstep
61.5%
Sensei's Divining Top
61.3%
Tinker
61.2%
Tinker
61.2%
Primeval Titan
60.5%
Mana Drain
60.4%
Mishra's Workshop
60.1%
Fires of Invention
60.1%
Disciple of the Vault
59.3%
Field of the Dead
58.3%
Fastbond
57.8%
Seething Song
57.8%
Hypergenesis
57.7%
Imperial Seal
57.5%
Mind's Desire
56.7%
Griselbrand
56.7%
Intangible Virtue
56.4%
Jeweled Bird
56.2%
Rite of Flame
55.9%
Lin Sivvi, Defiant Hero
55.9%
Braids, Cabal Minion
55.6%
Leovold, Emissary of Trest
55.4%
Blazing Shoal
55.4%
Grapeshot
54.9%
Lion's Eye Diamond
54.6%
Trinisphere
54.3%
Cloudpost
54.3%
Amulet of Quoz
54.1%
Empty the Warrens
54.1%
Serra's Sanctum
54.1%
Amulet of Quoz
54.1%
Dark Depths
53.8%
Lodestone Golem
53.4%
Flash
53.3%
Rishadan Port
53.3%
Cloudpost
53.2%
Rofellos, Llanowar Emissary
53.2%
Demonic Consultation
52.8%
Chalice of the Void
52.4%
Oko, Thief of Crowns
52.3%
Frantic Search
52%
Time Spiral
52%
Prophet of Kruphix
51.7%
Oath of Druids
51.4%
Darksteel Citadel
51.4%
Cloud of Faeries
51.3%
% Correct
Sylvan Primordial
51%
Green Sun's Zenith
50.9%
Bronze Tablet
50.4%
Biorhythm
50.4%
Second Sunrise
50.3%
Monastery Mentor
50.2%
Summer Bloom
50.2%
Teferi, Time Raveler
50%
Arcum's Astrolabe
50%
Arcum's Astrolabe
50%
Dread Return
49.9%
Mind Twist
49.6%
Merchant Scroll
49.3%
Glimpse of Nature
48.8%
Punishing Fire
48.8%
Frantic Search
48.6%
Eye of Ugin
48.5%
Cursed Scroll
48.3%
Growth Spiral
47.7%
Cauldron Familiar
47.2%
Timmerian Fiends
46.7%
Aether Vial
46.7%
Voltaic Key
46.7%
Gifts Ungiven
46.7%
Worldfire
46.5%
Bridge From Below
45.9%
Erayo, Soratami Ascendant
45.8%
Survival of the Fittest
45.5%
Darkpact
45.1%
Cranial Plating
44.3%
Peregrine Drake
44.2%
Hermit Druid
43.8%
Sway of the Stars
43.6%
Tempest Efreet
42.8%
Zuran Orb
42.5%
Goblin Recruiter
42.3%
Invigorate
42.3%
Karakas
42%
Krark-Clan Ironworks
41.3%
Daze
41.3%
Recurring Nightmare
40.4%
Upheaval
40.4%
Iona, Shield of Emeria
40.4%
Paradox Engine
40.2%
Rebirth
39.4%
Limited Resources
39.1%
Squandered Resources
38.8%
Earthcraft
38.1%
Coalition Victory
37.5%
Sundering Titan
37.3%
Karn, the Great Creator
36.7%
Temporal Fissure
36.6%
Thawing Glaciers
36.2%
Trade Secrets
36.1%
Panoptic Mirror
35.4%
Thorn of Amethyst
34.6%
Mycosynth Lattice
31.3%
High Tide
26.6%
Mystic Forge
25.7%
Wilderness Reclamation
25%
Crusade
25%
Flash
25%
Hymn to Tourach
19.3%
Invoke Prejudice
18.8%
Stone-Throwing Devils
18.8%
Sinkhole
13.8%
Imprison
12.5%
Jihad
12.5%
Cleanse
6.3%
Pradesh Gypsies
6.3%
6.3%
Lutri, the Spell Chaser
0%
Expedition Map
0%
Mystic Sanctuary
0%
Remove Ads.
Support Sporcle.
Get the best of Sporcle when you Go Orange. This ad-free experience offers more features, more stats, and more fun while also helping to support Sporcle. Thank you for becoming a member.

You're not logged in!

Compare scores with friends on all Sporcle quizzes.
OR
Log In

Show Comments

Extras

Top Quizzes Today


Score Distribution

Your Account Isn't Verified!

In order to create a playlist on Sporcle, you need to verify the email address you used during registration. Go to your Sporcle Settings to finish the process.

Report this User

Report this user for behavior that violates our Community Guidelines.

Details: